Missing Word: Double Letter Bands Quiz Stats

 Plays Quiz Updated Jun 11, 2019

Score 0/16 Timer 04:00
3 Plays Today
Band Missing Word % Correct
The ___ StonesRolling
98.2%
Red Hot Chili ___Peppers
97.4%
Led ___Zeppelin
92.8%
Bee ___Gees
91.2%
___ Mac Fleetwood
90.8%
___ Sweat & TearsBlood
90.6%
Jethro ___Tull
90.1%
___ Purple Deep
90%
Band Missing Word % Correct
___ Clearwater Revival Creedence
86.3%
Crosby, ___, Nash & Young Stills
85.6%
___ Airplane Jefferson
84.9%
Black ___ Sabbath
83.5%
Thin ___Lizzy
74.8%
Def ___Leppard
67.7%
___ Springfield Buffalo
56.7%
The Flying ___ Brothers Burrito
27.8%

Today's Daily Dose

Missing Word
Banned Books (A-Z)

Word Ladder
Janis Joplin

Get the Picture
Occupations

You're not logged in!

Compare scores with friends on all Sporcle quizzes.
OR
Log In

Sporcle TV

Today on Sporcle TV


Watch our educational content, quiz creation guides, and fun videos on Sporcle TV.

Show Comments

Extras

Top Quizzes Today


Score Distribution

Your Account Isn't Verified!

In order to create a playlist on Sporcle, you need to verify the email address you used during registration. Go to your Sporcle Settings to finish the process.

Report this User

Report this user for behavior that violates our Community Guidelines.

Details: